000 00622nam a2200253Ia 4500
003 OSt
005 20221007104737.0
006 a|||||r|||| 00| 0
007 ta
008 221006b |||||||| |||| 00| 0 eng d
024 _a16,670
037 _cTextual
040 _aLCO
_cLCO
_beng
041 _2eng
_aeng
082 _aZ2,5, K3
100 _aWootton Barbara
_9123753
245 0 _aCrime and the Criminal Law
250 _a1st
260 _aLondon
_bStevens & Sons UK
_c1963
300 _a118
650 _aCRIME
942 _hZ2,5, K3
_cTEXL
999 _c1186233
_d1186233